000 01211cam a2200313 a 4500
001 12736657
003 OSt
005 20250901165815.0
008 020411s2002 nyu 000 1 eng
010 _a 2002066914
020 _a0743223128
040 _aDLC
_cDLC
_dDLC
050 0 0 _aPS 3607 .I425 G48 2002
_bG48 2002
082 0 0 _a813/.6
_221
100 1 _aGilder, Joshua.
245 1 0 _aGhost image /
_cJoshua Gilder.
260 _aNew York :
_bSimon & Schuster,
_cc2002.
300 _a350 p. ;
_c25 cm.
650 0 _aWomen
_xViolence against
_vFiction.
650 0 _aAssault and battery
_vFiction.
650 0 _aPlastic surgeons
_vFiction.
655 7 _aPsychological fiction.
_2lcsh
856 4 2 _3Contributor biographical information
_uhttp://www.loc.gov/catdir/bios/simon052/2002066914.html
856 4 1 _3Sample text
_uhttp://www.loc.gov/catdir/samples/simon031/2002066914.html
856 4 2 _3Publisher description
_uhttp://www.loc.gov/catdir/description/simon031/2002066914.html
906 _a7
_bcbc
_corignew
_d1
_eocip
_f20
_gy-gencatlg
942 _2lcc
_cBK
999 _c9473
_d9473